Berge und ihre Länder - Statistiken

Allgemein
  • Dieses Quiz wurde 466 mal gespielt
  • Das Durchschnittsergebnis liegt bei 10 aus 15
Antwortstatistiken
Hint Antwort % Korrekt
Zugspitze Deutschland
94%
Galdhøpiggen Norwegen
92%
Großglockner Österreich
89%
Fuji Japan
87%
Kilimandscharo Tansania
87%
Aconcagua Argentinien
80%
Pico del Teide Spanien
79%
Dufourspitze Schweiz
67%
Sumantri Indonesien
64%
Nanga Parbat Pakistan
57%
Denali USA
52%
Mount Logan Kanada
51%
Kamet Indien
30%
Howerla Ukraine
27%
Mount Kosciuszko Australien
22%
Keine übereinstimmenden Quizze gefunden
Verteilung der Resultate
Anzahl Personen mit jedem Resultat
Perzentil nach korrekt beantworteten Fragen
Ihre Resultats-Entwicklung
Sie haben dieses Quiz noch nicht gespielt